Chemical Chaos / (Record no. 2693)

MARC details
000 -LEADER
fixed length control field 01300cam a2200337 i 4500
005 - DATE AND TIME OF LATEST TRANSACTION
control field 20240111152030.0
020 ## - INTERNATIONAL STANDARD BOOK NUMBER
International Standard Book Number 9780439944502
040 ## - CATALOGING SOURCE
Original cataloging agency DLC
Language of cataloging eng
Description conventions rda
Transcribing agency DLC
050 00 - LIBRARY OF CONGRESS CALL NUMBER
Classification number Q180.2
082 ## - DEWEY DECIMAL CLASSIFICATION NUMBER
Classification number 540
100 1# - MAIN ENTRY--PERSONAL NAME
Personal name Arnold, Nick
Relator term author.
245 10 - TITLE STATEMENT
Title Chemical Chaos /
Statement of responsibility, etc. by Arnold, Nick : illustrated by De Sulles, Tony
250 ## - EDITION STATEMENT
Edition statement This edition published 2008
260 ## - PUBLICATION, DISTRIBUTION, ETC.
Place of publication, distribution, etc. London :
Name of publisher, distributor, etc. Scholastic ,
Date of publication, distribution, etc. 2008
300 ## - PHYSICAL DESCRIPTION
Extent 171 pages :
Other physical details illustrations ;
Dimensions 21 cm .
490 ## - SERIES STATEMENT
Series statement Horrible Science
500 ## - GENERAL NOTE
General note Contents indicated on side of case.
500 ## - GENERAL NOTE
General note All volumes by Nick Arnold and illustrated by Tony De Saulles.
500 ## - GENERAL NOTE
General note Each volume contains own index.
505 0# - FORMATTED CONTENTS NOTE
Formatted contents note T <br/>
520 ## - SUMMARY, ETC.
Summary, etc. This series looks at the nastier side of science. Chemical Chaos tells the stories of experiments that went horribly wrong, reveals the secrets of some very strange scientists, and shows readers how to try some experiments for themselves.
521 ## - TARGET AUDIENCE NOTE
Target audience note 810 <br/>
Source Lexile <br/>
521 ## - TARGET AUDIENCE NOTE
Target audience note T <br/>
Source Raz-Plus <br/>
650 #0 - SUBJECT ADDED ENTRY--TOPICAL TERM
Topical term or geographic name entry element Science
Form subdivision Juvenile literature.
650 #0 - SUBJECT ADDED ENTRY--TOPICAL TERM
Topical term or geographic name entry element Science
General subdivision Study and teaching (Primary)
700 1# - ADDED ENTRY--PERSONAL NAME
Personal name Arnold, Nick,
Relator term author
700 1# - ADDED ENTRY--PERSONAL NAME
Personal name De Saulles, Tony,
Relator term illustrator
906 ## - LOCAL DATA ELEMENT F, LDF (RLIN)
a 7
b cbc
c orignew
d 2
e ncip
f 20
g y-gencatlg
942 ## - ADDED ENTRY ELEMENTS (KOHA)
Source of classification or shelving scheme Dewey Decimal Classification
Koha item type Books
Suppress in OPAC No
999 ## -
-- 2693
-- 2693
Holdings
Withdrawn status Lost status Source of classification or shelving scheme Damaged status Not for loan Collection Home library Current library Shelving location Date acquired Total Checkouts Full call number Barcode Date last seen Copy number Price effective from Koha item type
    Dewey Decimal Classification     Non-Fiction Footprints International School Library Network Toul Kork Campus Footprints International School Library Network Toul Kork Campus TTP Secondary Non-Fiction Bookshelves 01/10/2024   ARN 540 Q180.2 FISSE00049 01/10/2024 1 01/10/2024 Books
    Dewey Decimal Classification     Non-Fiction Footprints International School Library Network Toul Kork Campus Footprints International School Library Network Toul Kork Campus TTP Secondary Non-Fiction Bookshelves 01/10/2024   ARN 540 Q180.2 2024-2282 11/05/2024 2 01/10/2024 Books